A vision of the possible : (Record no. 21302)

MARC details
000 -LEADER
fixed length control field 01844cam a22003854a 4500
001 - CONTROL NUMBER
control field 14177347
003 - CONTROL NUMBER IDENTIFIER
control field OSt
005 - DATE AND TIME OF LATEST TRANSACTION
control field 20260220123339.0
008 - FIXED-LENGTH DATA ELEMENTS--GENERAL INFORMATION
fixed length control field 051122s2005 gau b 000 0 eng
010 ## - LIBRARY OF CONGRESS CONTROL NUMBER
LC control number 2005034225
020 ## - INTERNATIONAL STANDARD BOOK NUMBER
International Standard Book Number 9781932805567
020 ## - INTERNATIONAL STANDARD BOOK NUMBER
International Standard Book Number 1932805567
035 ## - SYSTEM CONTROL NUMBER
System control number 14177347
040 ## - CATALOGING SOURCE
Original cataloging agency DLC
Transcribing agency DLC
Modifying agency DLC
042 ## - AUTHENTICATION CODE
Authentication code pcc
050 00 - LIBRARY OF CONGRESS CALL NUMBER
Classification number BV652.24
Item number .S56 2006
082 00 - DEWEY DECIMAL CLASSIFICATION NUMBER
Classification number 254/.1
Edition number 22
100 1# - MAIN ENTRY--PERSONAL NAME
Personal name Sinclair, Daniel,
Dates associated with a name 1955-
245 12 - TITLE STATEMENT
Title A vision of the possible :
Remainder of title pioneer church planting in teams /
Statement of responsibility, etc. Daniel Sinclair.
260 ## - PUBLICATION, DISTRIBUTION, ETC. (IMPRINT)
Place of publication, distribution, etc. Waynesboro, GA :
Name of publisher, distributor, etc. Authentic Media,
Date of publication, distribution, etc. 2006.
300 ## - PHYSICAL DESCRIPTION
Extent x, 294 p. ;
Dimensions 22 cm.
336 ## - CONTENT TYPE
Content type term text
Content type code txt
Source rdacontent
337 ## - MEDIA TYPE
Media type term unmediated
Media type code n
Source rdamedia
338 ## - CARRIER TYPE
Carrier type term volume
Carrier type code nc
Source rdacarrier
504 ## - BIBLIOGRAPHY, ETC. NOTE
Bibliography, etc Includes bibliographical references (p. 283-286).
505 0# - FORMATTED CONTENTS NOTE
Formatted contents note Apostleship : the great neglected subject -- What is a church? : and how to plant one -- Working in teams : foundational principles -- Working in teams : practical applications -- The pioneer church planting phases -- Learning the language -- Role and residency -- Evangelism -- Discipling local believers -- Leadership in the apostolic task -- The role of the church planters in church planting -- What about church planting movements in highly resistant cultures? -- Three models of church planting -- The crucial first group of elders.
650 #0 - SUBJECT ADDED ENTRY--TOPICAL TERM
Topical term or geographic name as entry element Church development, New.
650 #0 - SUBJECT ADDED ENTRY--TOPICAL TERM
Topical term or geographic name as entry element Group ministry.
650 #0 - SUBJECT ADDED ENTRY--TOPICAL TERM
Topical term or geographic name as entry element Missions.
856 41 - ELECTRONIC LOCATION AND ACCESS
Materials specified Table of contents only
Uniform Resource Identifier <a href="http://www.loc.gov/catdir/toc/ecip064/2005034225.html">http://www.loc.gov/catdir/toc/ecip064/2005034225.html</a>
906 ## - LOCAL DATA ELEMENT F, LDF (RLIN)
a 7
b cbc
c orignew
d 1
e ecip
f 20
g y-gencatlg
942 ## - ADDED ENTRY ELEMENTS (KOHA)
Source of classification or shelving scheme Library of Congress Classification
Koha item type General Collection
Holdings
Withdrawn status Lost status Source of classification or shelving scheme Not for loan Home library Current library Shelving location Date acquired Source of acquisition Inventory number Total Checkouts Full call number Barcode Date last seen Copy number Price effective from Koha item type
    Library of Congress Classification   Kabarak, Main Campus Kabarak, Main Campus General Stacks 20/02/2026 Donation 2025/3778   BV652.24 .S56 2006 C.1 38337 20/02/2026 C.1 20/02/2026 General Collection
Designed with assistance from East African Informatics Ltd